书目信息 |
| 题名: |
仿生人工智能
|
|
| 作者: | 弗罗来若 , 米提西 著 ;程国建 译 | |
| 分册: | ||
| 出版信息: | 北京 国防工业出版社 2017.03 |
|
| 页数: | XI, 399页 | |
| 开本: | 26cm | |
| 丛书名: | ||
| 单 册: | ||
| 中图分类: | Q811 , TP18 | |
| 科图分类: | ||
| 主题词: | 仿生--fang sheng--人工智能 | |
| 电子资源: | ||
| ISBN: | 978-7-118-10990-0 | |
| 000 | 01494nam0 2200337 450 | |
| 001 | CAL 0120172150621 | |
| 005 | 20170331164201.5 | |
| 010 | @a978-7-118-10990-0@b@dCNY109.00 | |
| 100 | @a20170331d2017 em y0chiy50 ea | |
| 101 | 1 | @achi@ceng |
| 102 | @aCN@b110000 | |
| 105 | @aa a 000yy | |
| 106 | @ar | |
| 200 | 1 | @a仿生人工智能@Afang sheng ren gong zhi neng@d= Bio-inspired artificial intelligence@f(瑞士) Dario Floreano, Claudio Mattiussi著@g程国建 ... [等] 译@zeng |
| 210 | @a北京@c国防工业出版社@d2017.03 | |
| 215 | @aXI, 399页@c图@d26cm | |
| 300 | @a装备科技译著出版基金 | |
| 306 | @a由MIT Press授权出版 | |
| 314 | @aFloreano规范汉译姓: 弗罗来若 Mattiussi规范汉译姓: 米提西 | |
| 320 | @a有书目 (第347-399页) | |
| 330 | @a本书分为七章, 逐步引导读者进入到不同时间和空间尺度的生物系统和人工系统中。在时间尺度上, 从进化系统开始、穿越发育及学习系统、再到与环境及个体交互的行为系统。在空间尺度上, 从细胞、神经元开始到多细胞有机体, 再到由个体组成的群体系统。对每个系统的介绍都是以其生物背景开始再通过描述工程方法和技术来进行。每章结尾展望新的发展及进一步的阅读建议。 | |
| 500 | 10 | @aBio-inspired artificial intelligence@mChinese |
| 606 | 0 | @a仿生@Afang sheng@x人工智能 |
| 690 | @aQ811@v5 | |
| 690 | @aTP18@v5 | |
| 701 | 1 | @a弗罗来若@Afu luo lai ruo@g(Floreano, Dario)@4著 |
| 701 | 1 | @a米提西@Ami ti xi@g(Mattiussi, Claudio)@4著 |
| 702 | 0 | @a程国建@Acheng guo jian@4译 |
| 801 | 0 | @aCN@b人天书店@c20170331@g |
| 905 | @aBZT@dQ811@e2 | |
| 906 | @dCNY109.00@n3@r1 | |
| 仿生人工智能= Bio-inspired artificial intelligence/(瑞士) Dario Floreano, Claudio Mattiussi著/程国建 ... [等] 译.-北京:国防工业出版社,2017.03 |
| XI, 399页:图;26cm |
| 装备科技译著出版基金 |
| ISBN 978-7-118-10990-0:CNY109.00 |
| 本书分为七章, 逐步引导读者进入到不同时间和空间尺度的生物系统和人工系统中。在时间尺度上, 从进化系统开始、穿越发育及学习系统、再到与环境及个体交互的行为系统。在空间尺度上, 从细胞、神经元开始到多细胞有机体, 再到由个体组成的群体系统。对每个系统的介绍都是以其生物背景开始再通过描述工程方法和技术来进行。每章结尾展望新的发展及进一步的阅读建议。 |
| ● |
| 相关链接 |
|
|
|
正题名:仿生人工智能
索取号:Q811/2
 
预约/预借
| 序号 | 登录号 | 条形码 | 馆藏地/架位号 | 状态 | 备注 |
| 1 | 835070 | 2000835070 | 第二书库/ [索取号:Q811/2] | 在馆 | |
| 2 | 835071 | 2000835071 | 第二书库/ [索取号:Q811/2] | 在馆 | |
| 3 | 835072 | 2000835072 | 第二书库/ [索取号:Q811/2] | 在馆 |